000 00442nam a2200181 a 4500
001 1758716318025
003 ACL
005 20250924175547.0
008 250924s2008##################000#0#eng##
020 _a9780791095454
082 0 4 _a796.357092
_bREI
100 1 _aReis, Ronald A.,
_eauthor.
245 1 0 _aTed Williams :
260 _bFacts On File,
_c2008.
650 0 _aBaseball players.
942 _cENGLISH
040 _aACL
_beng
_cACL
999 _c589457
_d589457